African Capitals A-Z - Statistics

General Stats
  • This quiz has been taken 53 times
  • The average score is 15 of 20
Answer Stats
Letter Capital % Correct
A Algiers|Addis Ababa|Asmara|Abuja|Accra|Antananarivo
95%
D Djibouti|Dakar|Dodoma
95%
C Cairo|Conakry|Cotonou|Cape Town
92%
B Bamako|Banjul|Bissau|Brazzaville|Bloemfontein|Bangui
89%
K Khartoum|Kinshasa|Kampala|Kigali
89%
L Lome|Libreville|Lusaka|Luanda|Lilongwe
89%
N Nouakchott|Niamey|N'Djamena|Nairobi
87%
M Monrovia|Malabo|Mogadishu|Moroni|Maputo|Maseru|Mbabane
82%
F Freetown
79%
J Juba
79%
P Praia|Porto-Novo|Port Louis|Pretoria
79%
G Gitega|Gaborone
76%
H Harare
74%
O Ouagadougou
68%
T Tunis|Tripoli
66%
R Rabat
61%
W Windhoek
58%
Y Yaoundé|Yamoussoukro
55%
S São Tomé
47%
V Victoria
47%
No matching quizzes found
Score Distribution
Percent of People with Each Score
Percentile by Number Answered
Your Score History
You have not taken this quiz